Т. 25. Ч. 2; К. Маркс. Капитал. Критика политической экономии Т.3. Кн. 3. Процесс капиталистического производства, взятый в целом. Ч. 2. (Гл. XXIX - LII); Сочинения

Sonraí bibleagrafaíochta
Parent link:Сочинения: В 30-ти томах/ К. Маркс, Ф. Энгельс; Институт марксизма-ленинизма при ЦК КПСС. Т. 25. Ч. 2. : К. Маркс. Капитал. Критика политической экономии. Т.3. Кн. 3. Процесс капиталистического производства, взятый в целом. Ч. 2. ( Гл. XXIX - LII).— 2-е изд..— , 1955-
Teanga:Rúisis
Foilsithe / Cruthaithe: 1962
Ábhair:
Formáid: LEABHAR
KOHA link:https://koha.lib.tpu.ru/cgi-bin/koha/opac-detail.pl?biblionumber=39671

MARC

LEADER 00000nam2a2200000 4500
001 39671
005 20231031011616.0
035 |a (RuTPU)RU\TPU\book\40544 
035 |a RU\TPU\book\40542 
090 |a 39671 
100 |a 20020410d1962 k y0rusy50 ca 
101 0 |a rus 
102 |a RU 
105 |a a z 000zy 
200 0 |a Т. 25. Ч. 2  |a К. Маркс. Капитал. Критика политической экономии Т.3. Кн. 3. Процесс капиталистического производства, взятый в целом. Ч. 2. (Гл. XXIX - LII) 
210 |d 1962 
215 |a 551 с.  |c ил. 
461 1 |0 (RuTPU)RU\TPU\book\40444  |t Сочинения  |o В 30-ти томах  |f К. Маркс, Ф. Энгельс  |g Институт марксизма-ленинизма при ЦК КПСС  |v Т. 25. Ч. 2. : К. Маркс. Капитал. Критика политической экономии. Т.3. Кн. 3. Процесс капиталистического производства, взятый в целом. Ч. 2. ( Гл. XXIX - LII)  |e 2-е изд.  |d 1955- 
610 1 |a сочинения 
610 1 |a политическая экономия 
610 1 |a капитал 
610 1 |a прибыль 
610 1 |a земельная рента 
610 1 |a ссудный капитал 
610 1 |a национальный доход 
610 1 |a капитализм 
686 |a Ю3(0)6-602.193  |v LBC/SL-A  |2 rubbk 
801 1 |a RU  |b 63413507  |c 20020409  |g PSBO 
801 2 |a RU  |b 63413507  |c 20130328  |g PSBO 
942 |c BK